Statistics for Largest Cities on Islands

Click here to take the quiz!

General Stats

  • This quiz has been taken 199 times
  • The average score is 34 of 63

Answers on the Map

Answers color-coded by a green-red scale on the quiz's map according to % correct below.
 

Answer Stats

PopulationCity% Correct
14,800,000London
99%
40,400,000Tokyo
99%
1,390,000Dublin
94%
2,225,000Havana
93%
31,300,000Jakarta
93%
25,700,000Manila
92%
9,150,000Taipei
92%
3,050,000Manchester
91%
3,150,000Birmingham
90%
1,000,000Honolulu
90%
1,680,000Copenhagen
88%
1,680,000Glasgow
88%
17,700,000Osaka
88%
7,500,000Hong Kong
86%
1,880,000Liverpool
86%
7,900,000Singapore
86%
1,410,000Auckland
84%
3,225,000Port-au-Prince
83%
1,340,000Antananarivo
82%
4,750,000Colombo
82%
4,000,000Santo Domingo
82%
2,175,000Leeds
79%
2,500,000Sapporo
76%
10,500,000Nagoya
71%
1,480,000Newcastle
71%
1,920,000San Juan
71%
1,530,000Manama
70%
1,880,000Hiroshima
69%
1,570,000Sheffield
67%
1,160,000Southampton
64%
6,100,000Surabaya
63%
1,380,000Nottingham
59%
6,950,000Bandung
57%
2,725,000Cebu
54%
2,750,000Fukuoka
54%
4,000,000Medan
54%
1,550,000Denpasar
51%
1,570,000Davao
47%
1,890,000Makassar
40%
1,500,000Sendai
36%
2,775,000Kaohsiung
33%
2,125,000George Town
29%
1,860,000Haikou
29%
1,210,000Naha
29%
1,940,000Yogyakarta
28%
1,720,000Palembang
26%
2,425,000Taichung
24%
2,250,000Semarang
23%
1,490,000Angeles
19%
2,000,000Kitakyushu
19%
1,310,000Tainan
17%
1,750,000Malang
15%
2,200,000Okayama
15%
1,390,000Batam
14%
1,630,000Surakarta
14%
1,150,000Kumamoto
13%
1,310,000Hamamatsu
11%
1,770,000Shizuoka
11%
1,120,000Cirebon
10%
1,220,000Pekanbaru
9%
1,200,000Bandar Lampung
8%
1,150,000Serang
7%
1,200,000Karawang
3%

Score Distribution

Percentile by Number Answered

Percent of People with Each Score

Your Score History

You have not taken this quiz